000 00357nam a22001457a 4500
020 _qHP.
040 _cFiizza Ishaq
082 _a621.38
_bLAT
100 _aLathi, B.P.
245 _aLinear Systems and Signals /
_cB.P., Lathi.
250 _a3rd ed.
260 _aNew York :
_bOxford University Press,
_c2017.
300 _a1008 P. ;
942 _2ddc
_cBK
999 _c614364
_d614364